000 00681nam a2200193Ii 4500
003 JO-AjNU
008 230605s9999||||xx |||||||||||||| ||und||
040 _aJO-AjNU
_bara
_erda
_cJO-AjNU
041 _aara
050 1 4 _aD116.7.I27.H2 1980
100 3 _aتاليف الحاجري، محمد طه,
_eauthor
_937884
245 0 0 _aإبن خلدون بين حياة العلم ودنيا السياسة
264 3 1 _aبيروت:دار النهضة العربية، 1980
300 _a266ص
336 _atext
_btxt
_2rdacontent
337 _aunmediated
_bn
_2rdamedia
338 _avolume
_bnc
_2rdacarrier
650 4 _aالحضارة-علم اجتماع-ابن خلدون
_937885
999 _aA15870
_c19438
_d19438